LIBRARY & INFORMATION CENTRE, KCAET, TAVANUR

ONLINE PUBLIC ACCESS CATALOGUE (OPAC)

Agrochemical and pesticide safety handbook / (Record no. 294)

MARC details
000 -LEADER
fixed length control field 00434cam a2200169ua 4500
020 ## - INTERNATIONAL STANDARD BOOK NUMBER
ISBN 1-56670-296-8
041 ## - LANGUAGE CODE
Language code of text/sound track or separate title eng
082 ## - DEWEY DECIMAL CLASSIFICATION NUMBER
Classification number 632.95
Item number WAX/AG
100 ## - MAIN ENTRY--AUTHOR NAME
Personal name Waxman, Michael F.
245 ## - TITLE STATEMENT
Title Agrochemical and pesticide safety handbook /
250 ## - EDITION STATEMENT
Edition statement 1 /
260 ## - PUBLICATION, DISTRIBUTION, ETC. (IMPRINT)
Place of publication London :
Name of publisher Lewis Publishers ,
Year of publication 1998.
300 ## - PHYSICAL DESCRIPTION
Number of Pages 616 ; .
942 ## - ADDED ENTRY ELEMENTS (KOHA)
Koha item type Books
Holdings
Withdrawn status Lost status Damaged status Home library Current library Date acquired Full call number Accession Number Koha item type
      KAUAET KAUAET 07/04/2012 632.95 20524 Books
free website counter